000
002370000a22000970004500
100
1
_a
Reed, Lawrence W.
245
1
0
_a
A vote for optimism
300
_a
Vol. 46, Num. 4 (Abril, 1996), Páginas 218-219
773
0
_t
The Freeman
942
_c
ANA
999
_c
56263
_d
56263